00472nam a2200181 a 4500001001300000003000900013005001700022008004100039020001000080082001300090100002000103245003000123260004900153300000900202500003500211650002400246700002000270nice12345678IN_TiNIC20260116011958.0070621s1974 mada grp 000 0 eng  ac10000a201bOCO aOconnor, Daniel aTestimony of C.F. Andrews aMadras bChristian Literature Society c1974 a280p aincludes index and biblioraphy aChristian-Biography1 aOconnor, Daniel